'The Hunger Games' Start to Finish Quiz Stats

 Plays Quiz Updated Sep 28, 2016

Challenge
Share
Tweet
Embed
Score 0/10 Timer 04:00
11 Plays Today
% Correct
???
100%
???
97.9%
???
88.5%
???
85%
???
46.4%
???
40.8%
???
38.2%
???
29.2%
???
21%
???
21%

You're not logged in!

Compare scores with friends on all Sporcle quizzes.
Join for Free
OR
Log In

You Might Also Like...

Show Comments

Extras

Top Quizzes Today


Score Distribution

Your Account Isn't Verified!

In order to create a playlist on Sporcle, you need to verify the email address you used during registration. Go to your Sporcle Settings to finish the process.

Report this User

Report this user for behavior that violates our Community Guidelines.

Details: